000
00241nam a2200109Ia 4500
005
20251222114405.0
008
251222s1900||||xx |||||||||||||| ||spa||
082
_a
DVD0050/L22/1927/Ej.2
245
0
_a
MetrĂ³polis
264
_b
UFA
942
_c
DVD
999
_c
1795
_d
1795